000 00465pab a2200157 454500
008 180718b2002 xxu||||| |||| 00| 0 eng d
100 _aGobodo-Madikizela, Pumla
245 _aRemorse, forgiveness, and rehumanization: stories from South Africa
260 _c2002
300 _ap.7-32
362 _aWinter
650 _aHuman rights violations - South Africa
650 _aHuman rights violations
773 _aJournal of Humanistic Psychology
909 _a51052
999 _c51052
_d51052